000 00891nam a2200241 a 4500
001 485
003 BR-CuiBMT
005 20231129053438.0
008 231107s2013 mgb 000 0 por d
020 _a9788577006496
040 _aBR-CuiBMT
_cBR-CuiBMT
080 _22007
_a349.6
090 _a349.6
_bA838
245 0 0 _aAspectos controvertidos do direito ambiental :
_btutela material e tutela processual /
_cFernando F. Rossi ... [et al.] coordenadores ; [autores: Ana Cláudia La Plata de Melo Franco ... et al.] ; prefácio Édis Milaré.
260 _aBelo Horizonte :
_bFórum,
_c2013.
300 _a528 p. ;
_c22 cm
504 _aInclui bibliografia.
650 _aDireito ambiental
_zBrasil
650 _aResponsabilidade por danos ambientais
_zBrasil
700 1 _aRossi, Fernando F.
_4coord.
700 1 _aFranco, Ana Cláudia La Plata de Mello
_eet al.
_eautores
942 _2udc
_cLV
999 _c485
_d485